| 000 | 00727nam a2200217Ia 4500 | ||
|---|---|---|---|
| 003 | GCL | ||
| 008 | 140319s9999 xx 000 0 ara d | ||
| 040 |
_aGCL / _cGCL |
||
| 082 | 0 | 4 |
_a953.8 _bم ع |
| 100 | 1 | _aمركز البحوث والدراسات الكويتية | |
| 245 | 1 | 0 |
_aالعدوان العراقى على الكويت جريمة لن تموت / _cمركز البحوث والدراسات الكويتية |
| 300 | _a77 ص | ||
| 490 | _a | ||
| 650 | 0 | 4 | _aالكويت |
| 650 | 0 | 4 | _aالتاريخ |
| 650 | 0 | 4 | _aحرب الخليج |
| 650 | 0 | 4 | _aالكويت - تاريخ |
| 650 | 0 | 4 | _aالتاريخ - احصائيات |
| 650 | 0 | 4 | _aالاعتداء العراقى على الكويت |
| 942 |
_2ddc _cBK |
||
| 999 |
_c52252 _d52252 |
||